| 000 | 01142cam9a220028900 4500 | ||
|---|---|---|---|
| 001 | qcf00003846 | ||
| 005 | 20190830104634.0 | ||
| 008 | 730420s1971 fr fre u | ||
| 010 | _a 76593894 | ||
| 035 | _a(Sirsi) r25500 | ||
| 035 | _a(QCAT)lss00415823 | ||
| 035 | _a(UPRA)qcf00003846 | ||
| 040 | _dUPRA | ||
| 100 | 1 |
_aSchnell, R. (Raymond) _qSchnell, R. (Raymond) _6A88903.1 |
|
| 245 | 1 | 0 |
_aIntroduction a la phytogeographie des pays tropicaux : _bles problemes generaux / _cPref. de Theodore Monod. |
| 260 |
_aParis : _bGauthier-Villars, _c1970-1971. |
||
| 490 | 0 |
_aGeobiologie, ecologie, amenagement _6S13263.1 |
|
| 500 | _aIndex des genres, especes et groupes cites: p. [899-924]. | ||
| 504 | _aBibliography: v. 1, p. [451]-487. | ||
| 505 | 0 | _aVol. 1, Les flores. Les structures. v.2. Les milieux. Les groupements vegetaux. | |
| 650 | 0 |
_aPlant ecology -- Tropics. _zPlant ecology -- Tropics. _6S9604.1 |
|
| 650 | 0 |
_aPhytogeography. _6S5251.1 |
|
| 650 | 0 |
_aTropical plants. _6S9603.1 |
|
| 949 |
_aQK474.5 _vVOL. 11 _wlcc _i33729000209614 _mMAIN _p2500 _tBOOK _lON-SHELF |
||
| 004 | 25500 | ||
| 987 | _aHoldings : volumes use? | ||
| 999 |
_c186210 _d186210 |
||